000 00909cab a2200253 4500
001 ABS55223
008 090401t1996 xxu||||| |||| 00| 0 eng d
035 _a(Sirsi) u14924
041 _aeng
100 _aCarpenter, A.
245 _aOn a roll
260 _c1996
350 _a0
490 _aProperty Week
_v55(7) 16 May 1996, 34-35(2)
520 _aConsiders the implications of and opportunities offered by Home Office proposals to introduce some deregulation into casinos. The most wide-ranging proposal is to extend the number of areas in which casinos can operate; 13 are proposed to be added to the present 53 permitted areas. Finding new casino premises will remain a fine art.
650 _aCASINO REGULATION
650 _aCASINOS
650 _aDEREGULATION
650 _aGAMING ACT 1968
650 _aGAMING
690 _aLEISURE AND RECREATION
942 _n0
948 _c04/03/1997
999 _c9743
_d9743